00547nam a2200193Ia 4500003000400000005001700004008004100021020002200062040000700084041000800091082001600099100004100115245009400156260004500250300001700295365001300312650001400325650001400339OSt20230511140003.0210423s2006 xx 000 0 und d a978-0-19-568708-8 cAL aeng a540.72 HIBD aHIBBERT (D Brynn);GOODING (J Justin) aData analysis for chemistry: an introductory guide for students and laboratory scientists aNew DelhibOxford University Pressc2006 axii,177pbPB b495cINR aChemistry aChemistry